00519pab a2200157 454500008004000000100001900040245013600059260000900195300001300204362000800217650003800225650003200263650002700295650001500322773002400337180718b2010 xxu||||| |||| 00| 0 eng d aSharma, Manjit aAspects of growth, productivity and employment in the organized manufacturing sector of Punjab: A study of selected industry groups c2010 ap.55-74. aDec aPunjab - Manufacturing industries aEmployment - India - Punjab aManufacturing industry aEmployment aMan and Development